Dall'organo a colui che se ne occupa - Statistics

Statistiche generali
  • Questo quiz è stato fatto 130 volte
  • Il punteggio medio è 16 su 19
Statistiche sulle risposte
Hint Risposta % Corretto
Cuore Cardiologo
96%
Sistema Urinario Urologo
96%
Occhi Oculista
93%
Ossa Ortopedico
93%
Pelle Dermatologo
91%
Organi riproduttivi femminili Ginecologo
91%
Bambini Pediatra
91%
Orecchie, naso e gola Otorino
89%
Traumi a piedi Podologo
89%
Sistema immunitario Immunologo
88%
Tumori Oncologo
87%
Polmoni Pneuomologo
87%
Sangue Ematologo
85%
Stomaco e intestino Gastroenterologo
85%
Cervello/Sistema Nervoso Neurologo
85%
Anziani Geriatra
84%
Sistema ormonale (Tiroide...) Endocrinologo
79%
Fegato Epatologo
75%
Reni Nefrologo
64%
Nessun quiz corrispondente trovato
Distribuzione punteggi
Percentuale di utenti per punteggio
Percentile per numero di risposta
I tuoi punteggi nel tempo
Non hai fatto questo quiz